The soul-winning church. (Record no. 9053)

000 -LEADER
fixed length control field 00539nam a2200181 a 4500
001 - CONTROL NUMBER
control field :::00006834$&:&@@
003 - CONTROL NUMBER IDENTIFIER
control field OkBaRHE
005 - DATE AND TIME OF LATEST TRANSACTION
control field 20000607103333.0
008 - FIXED-LENGTH DATA ELEMENTS--GENERAL INFORMATION
fixed length control field s1905 j 000 0 eng u
040 ## - CATALOGING SOURCE
Transcribing agency
100 1# - MAIN ENTRY--PERSONAL NAME
Personal name Broughton, Len. G.
245 14 - TITLE STATEMENT
Title The soul-winning church.
260 ## - PUBLICATION, DISTRIBUTION, ETC. (IMPRINT)
Place of publication, distribution, etc London, UK:EN., :
Name of publisher, distributor, etc Fleming H. Revell Company
Date of publication, distribution, etc c1905
300 ## - PHYSICAL DESCRIPTION
Extent 141 p. ;
Dimensions 20 cm.
650 ## - SUBJECT ADDED ENTRY--TOPICAL TERM
Topical term or geographic name as entry element Mission of Church
942 ## - ADDED ENTRY ELEMENTS (KOHA)
Source of classification or shelving scheme
Koha item type Books
Copies
Date last seen Price effective from Source of classification or shelving scheme Not for loan Shelving location Copy number Barcode Koha item type Lost status Damaged status Date acquired Full call number Withdrawn status Permanent Location
2010-04-142010-04-14  General Stacks16834Books  2010-04-14BV 601 .B7 RHEMA Bible Training College